T.I. Espírito Santo (Registro n. 767)

Detalhes MARC
000 -LEADER
fixed length control field 00831nas a22002297a 4500
005 - DATE AND TIME OF LATEST TRANSACTION
control field 20260603114019.0
008 - FIXED-LENGTH DATA ELEMENTS--GENERAL INFORMATION
fixed length control field 260603b2014 porz||j| |||| 00| z por d
040 ## - CATALOGING SOURCE
Transcribing agency BR-ViAPE
245 ## - TITLE STATEMENT
Title T.I. Espírito Santo
260 ## - PUBLICATION, DISTRIBUTION, ETC.
Place of publication, distribution, etc. Vitória
Name of publisher, distributor, etc. Nex Editorial
Date of publication, distribution, etc. 2014
300 ## - PHYSICAL DESCRIPTION
Extent v.
Other physical details il.
310 ## - CURRENT PUBLICATION FREQUENCY
Current publication frequency Irregular
362 ## - DATES OF PUBLICATION AND/OR SEQUENTIAL DESIGNATION
Dates of publication and/or sequential designation Ano 1, n. 2 (fev. mar. 2014) - ano 1, n. 4 (ago. 2014).
500 ## - GENERAL NOTE
General note Disponibilizada apenas a imagem da capa na versão digital, em virtude de restrições de direitos autorais.
500 ## - GENERAL NOTE
General note Coleção incompleta: disponíveis apenas alguns números do periódico.
650 ## - SUBJECT ADDED ENTRY--TOPICAL TERM
Topical term or geographic name entry element Tecnologia
General subdivision Computação
-- Informática
Geographic subdivision Espírito Santo
651 ## - SUBJECT ADDED ENTRY--GEOGRAPHIC NAME
Geographic name Espírito Santo (Brasil)
Form subdivision Periódicos
700 ## - ADDED ENTRY--PERSONAL NAME
Personal name Souza, Mário Fernando
Relator term Diretor
710 ## - ADDED ENTRY--CORPORATE NAME
Corporate name or jurisdiction name as entry element Nex Editorial
942 ## - ADDED ENTRY ELEMENTS (KOHA)
Source of classification or shelving scheme Dewey Decimal Classification
Koha item type Periódicos
Suppress in OPAC Yes
Exemplares
Withdrawn status Lost status Source of classification or shelving scheme Damaged status Not for loan Home library Current library Date acquired Total checkouts Date last seen Price effective from Koha item type
    Dewey Decimal Classification     Hemeroteca Digital do Arquivo Público do Estado do Espírito Santo Hemeroteca Digital do Arquivo Público do Estado do Espírito Santo 06/03/2026   06/03/2026 06/03/2026 Periódicos